00620nam a2200193 a 450000100100000000500170001000800410002704000250006808200170009310000260011024500560013626000350019230000220022749000120024983000180026104900090027995201210028899900170040900002484120200930023412.0110204s1970 ve r 000 0 spa d aDO-SdBNPbspacBNPHU axxxxxbM425i1 aMata, Humberto95098610aImágenes y conductos :brelatos /cHumberto Mata. aCaracas :bMonte Avila,c1970. a54 p. ;c18.5 cm.1 aDonaire 0aDonaire98050 aBNGR 001054708MOaGRbGRcCTd2011-02-04iLF1l0oxxxxx M425ip24841-10r2020-06-25w2020-06-25y4ZPréstamo en sala c24334d24334